| 000 | 00342 a2200109 4500 | ||
|---|---|---|---|
| 001 | ART_2538 | ||
| 005 | 20260410161727.0 | ||
| 008 | 260409a | ||
| 245 | 1 | 0 | _aBases matemáticas del sistema de crédito mutuo |
| 100 | 1 | _aRaimondi, Carlos A. | |
| 773 | 0 |
_tAdministración de empresas _g- Año 4, Nº 41 (ago. 1973) _wREV2036 |
|
| 999 |
_c17492 _d17492 |
||